000 00339nam a22001577a 4500
020 _a978-93-81735-49-1
082 _a650
_bSAR
100 _a SARASWATI, A.K
245 _aHOTEL FRONT OFFICE
250 _a1ST
260 _aDELHI
_bNAMAN
_c2013
300 _a360
650 _aOFFICE MANAGEMENT
653 _aOFFICE
942 _2ddc
_cBK
_020
999 _c8061
_d8061